[Event "FIDE World Chess Cup 2015"]
[Site "Baku AZE"]
[Date "2015.09.12"]
[Round "2.18"]
[White "Dominguez Perez, Leinier"]
[Black "Perez Ponsa, Federico"]
[Result "1-0"]
[WhiteElo "2732"]
[BlackElo "2563"]
[PlyCount "237"]
[EventDate "2015.09.11"]
[EventType "k.o."]
[EventRounds "7"]
[EventCountry "AZE"]
[Source "lmi"]
[SourceDate "2015.09.11"]
[WhiteTeam "Cuba"]
[BlackTeam "Argentina"]
[WhiteTeamCountry "CUB"]
[BlackTeamCountry "ARG"]

1. e4 e5 2. Nf3 Nc6 3. Bb5 a6 4. Ba4 Nf6 5. O-O b5 6. Bb3 Bc5 7. a4 Rb8 8. Nxe5
Nxe5 9. d4 Bxd4 10. Qxd4 d6 11. f4 Nc6 12. Qc3 Ne7 13. Qd3 O-O 14. Nc3 c5 15.
axb5 axb5 16. Nxb5 Nxe4 17. Qxe4 Rxb5 18. Ra7 Bd7 19. Qd3 Nf5 20. Bc4 Rb8 21.
Bd2 Qc8 22. Re1 Rxb2 23. Bc3 Rb8 24. g4 Nd4 25. Bxd4 cxd4 26. Re7 Rb7 27. Rxb7
Qxb7 28. f5 Qb1+ 29. Kf2 Ba4 30. Qxd4 Qxc2+ 31. Re2 Qd1 32. Qxd1 Bxd1 33. Re4
Rd8 34. Bd5 Kf8 35. Rb4 Ke7 36. Ke1 Bxg4 37. Rxg4 Kf6 38. Ra4 Re8+ 39. Kf2 Re5
40. Be4 g6 41. Rd4 Ra5 42. fxg6 hxg6 43. Bf3 Ke5 44. Re4+ Kf6 45. Rb4 Ke6 46.
Kg3 Rc5 47. Bg4+ Kf6 48. Rb7 Rc3+ 49. Bf3 Rc5 50. h4 Ra5 51. Bd1 Re5 52. Bb3
Re7 53. Rb6 Rd7 54. Kf4 Kg7 55. Bd5 Ra7 56. Rb4 Kf6 57. Kg4 Kg7 58. Rf4 Rc7 59.
Rd4 Re7 60. Bf3 Re6 61. Ra4 Re7 62. Kf4 Rc7 63. Rd4 Rd7 64. Kg5 Rd8 65. Rd5 Rd7
66. Rd3 Rd8 67. Rd4 Rd7 68. Rd5 Rd8 69. Bg4 Ra8 70. Bd1 Rb8 71. Rxd6 Rb5+ 72.
Kg4 Rb4+ 73. Kg3 Rb7 74. Bf3 Ra7 75. Rb6 Rc7 76. Rb4 Ra7 77. Kf4 Re7 78. Bd5
Kf6 79. Rb6+ Kg7 80. Ra6 Kh6 81. Be4 Kg7 82. Bf3 Rc7 83. Be4 Re7 84. Rb6 Kf8
85. Rb8+ Kg7 86. Ra8 Rc7 87. Ra5 Re7 88. Rb5 Kh6 89. Rb1 Kg7 90. Rg1 Kf6 91.
Ra1 Kg7 92. Bf3 Rc7 93. Ke5 Re7+ 94. Kd4 Rd7+ 95. Bd5 Re7 96. Rf1 Ra7 97. Ke5
Re7+ 98. Kd6 Ra7 99. Bc4 Rb7 100. Bd5 Ra7 101. Rf4 Ra6+ 102. Ke7 Ra7+ 103. Ke8
f6 104. Rb4 Kh6 105. Kf8 Ra5 106. Bf7 Re5 107. Rg4 g5 108. h5 Ra5 109. Rb4 Ra6
110. Rb5 g4 111. Rf5 Rb6 112. Bg6 Ra6 113. Kf7 Rb6 114. Ra5 Rb3 115. Kxf6 g3
116. Ra7 Rb6+ 117. Kf5 Rb5+ 118. Kf4 Rb4+ 119. Be4 1-0

[Event "FIDE World Chess Cup 2015"]
[Site "Baku AZE"]
[Date "2015.09.11"]
[Round "1.58"]
[White "Adhiban, B."]
[Black "Fedoseev, Vladimir"]
[Result "1/2-1/2"]
[WhiteElo "2674"]
[BlackElo "2659"]
[PlyCount "29"]
[EventDate "2015.09.11"]
[EventType "k.o."]
[EventRounds "7"]
[EventCountry "AZE"]
[Source "lmi"]
[SourceDate "2015.09.11"]
[WhiteTeam "India"]
[BlackTeam "Rusia"]
[WhiteTeamCountry "IND"]
[BlackTeamCountry "RUS"]

1. d4 Nf6 2. c4 e6 3. Nf3 b6 4. g3 Ba6 5. b3 Bb4+ 6. Bd2 Be7 7. Bg2 c6 8. Bc3
d5 9. Ne5 Nfd7 10. Nd3 dxc4 11. Nb4 cxb3 12. Nxa6 Nxa6 13. axb3 Nb4 14. O-O O-O
15. Bxb4 1/2-1/2

[Event "FIDE World Chess Cup 2015"]
[Site "Baku AZE"]
[Date "2015.09.12"]
[Round "2.58"]
[White "Fedoseev, Vladimir"]
[Black "Adhiban, B."]
[Result "1/2-1/2"]
[WhiteElo "2659"]
[BlackElo "2674"]
[PlyCount "58"]
[EventDate "2015.09.11"]
[EventType "k.o."]
[EventRounds "7"]
[EventCountry "AZE"]
[Source "lmi"]
[SourceDate "2015.09.11"]
[WhiteTeam "Rusia"]
[BlackTeam "India"]
[WhiteTeamCountry "RUS"]
[BlackTeamCountry "IND"]

1. d4 d5 2. c4 c6 3. Nf3 Nf6 4. Nc3 dxc4 5. a4 e6 6. e3 c5 7. Bxc4 Nc6 8. O-O
Be7 9. Ne5 cxd4 10. Nxc6 bxc6 11. exd4 O-O 12. Be3 Rb8 13. b3 Qa5 14. Bf4 Ra8
15. Qd3 Rd8 16. Ne4 Bb7 17. Be5 Ng4 18. Qg3 Nxe5 19. dxe5 Rd4 20. Nd6 Bxd6 21.
exd6 Qd2 22. Qf3 Rxd6 23. Rad1 Qb4 24. Rxd6 Qxd6 25. Rd1 Qe7 26. Qd3 c5 27. Qd7
Kf8 28. Qb5 Rb8 29. Bf1 Rc8 1/2-1/2

[Event "FIDE World Chess Cup 2015"]
[Site "Baku AZE"]
[Date "2015.09.13"]
[Round "3.58"]
[White "Fedoseev, Vladimir"]
[Black "Adhiban, B."]
[Result "1-0"]
[WhiteElo "2659"]
[BlackElo "2674"]
[PlyCount "77"]
[EventDate "2015.09.11"]
[EventType "k.o."]
[EventRounds "7"]
[EventCountry "AZE"]
[Source "lmi"]
[SourceDate "2015.09.11"]
[WhiteTeam "Rusia"]
[BlackTeam "India"]
[WhiteTeamCountry "RUS"]
[BlackTeamCountry "IND"]

1. d4 d5 2. c4 c6 3. Nc3 Nf6 4. e3 e6 5. Nf3 Nbd7 6. Qc2 Bd6 7. Bd3 O-O 8. O-O
dxc4 9. Bxc4 b5 10. Bd3 Bb7 11. a3 h6 12. Rd1 a6 13. b4 a5 14. bxa5 Rxa5 15. e4
e5 16. Bb2 Qb8 17. h3 Re8 18. Qd2 Qa8 19. Bc2 Bxa3 20. Rxa3 Rxa3 21. dxe5 Nxe5
22. Nxe5 Ra5 23. Ng4 Nxg4 24. hxg4 b4 25. Ne2 Rg5 26. Bb3 c5 27. Qf4 Re7 28.
Ng3 Qe8 29. f3 Rd7 30. Rc1 Bc6 31. Nf5 Rd3 32. Bc4 Rd7 33. Nd6 Qf8 34. e5 Rg6
35. Bb3 Re7 36. Rxc5 Bd7 37. Qxb4 h5 38. gxh5 Rg5 39. Qh4 1-0

[Event "FIDE World Chess Cup 2015"]
[Site "Baku AZE"]
[Date "2015.09.11"]
[Round "1.42"]
[White "Iturrizaga Bonelli, Eduardo"]
[Black "Rodshtein, Maxim"]
[Result "1/2-1/2"]
[WhiteElo "2633"]
[BlackElo "2673"]
[PlyCount "87"]
[EventDate "2015.09.11"]
[EventType "k.o."]
[EventRounds "7"]
[EventCountry "AZE"]
[Source "lmi"]
[SourceDate "2015.09.11"]
[WhiteTeam "Venezuela"]
[BlackTeam "Israel"]
[WhiteTeamCountry "VEN"]
[BlackTeamCountry "ISR"]

1. Nf3 Nf6 2. c4 c5 3. g3 Nc6 4. d4 cxd4 5. Nxd4 e5 6. Nb5 Bb4+ 7. Bd2 a6 8.
N5c3 d5 9. cxd5 Nxd5 10. Bg2 Be6 11. O-O Nb6 12. Na4 Be7 13. Nbc3 O-O 14. Nxb6
Qxb6 15. Nd5 Bxd5 16. Bxd5 Nd4 17. Bc3 Rad8 18. e4 Kh8 19. Bxd4 exd4 20. Rc1 f5
21. Qd3 Bf6 22. Rc2 g6 23. Rfc1 Bg7 24. Re2 f4 25. Rec2 Be5 26. Rc5 Qf6 27.
R1c2 h5 28. Bxb7 h4 29. Rc6 Qg5 30. Bxa6 fxg3 31. hxg3 Rf7 32. Rc8 Rxc8 33.
Rxc8+ Kg7 34. Bc4 Qg4 35. Bxf7 Qxc8 36. Bc4 hxg3 37. fxg3 Qh3 38. a4 Kh7 39. a5
Bxg3 40. Qd2 Qg4 41. Qe2 Qg5 42. a6 Bb8+ 43. Kf1 Qc1+ 44. Kg2 1/2-1/2

[Event "FIDE World Chess Cup 2015"]
[Site "Baku AZE"]
[Date "2015.09.12"]
[Round "2.42"]
[White "Rodshtein, Maxim"]
[Black "Iturrizaga Bonelli, Eduardo"]
[Result "1-0"]
[WhiteElo "2673"]
[BlackElo "2633"]
[PlyCount "81"]
[EventDate "2015.09.11"]
[EventType "k.o."]
[EventRounds "7"]
[EventCountry "AZE"]
[Source "lmi"]
[SourceDate "2015.09.11"]
[WhiteTeam "Israel"]
[BlackTeam "Venezuela"]
[WhiteTeamCountry "ISR"]
[BlackTeamCountry "VEN"]

1. d4 Nf6 2. c4 e6 3. Nf3 b6 4. g3 Ba6 5. b3 Bb4+ 6. Bd2 Be7 7. Nc3 d5 8. cxd5
exd5 9. Bg2 O-O 10. O-O Bb7 11. Qc2 Na6 12. Rfd1 h6 13. Bf4 c6 14. a3 Nc7 15.
b4 Ne6 16. Be5 Qd7 17. Nh4 Ne8 18. Nf5 f6 19. Bf4 Nxf4 20. gxf4 Nd6 21. Bh3 Qe8
22. Rd3 Bc8 23. Rg3 Nxf5 24. Bxf5 Bd6 25. e3 b5 26. Kh1 g5 27. Rag1 Kg7 28.
R3g2 Bxf5 29. Qxf5 Qc8 30. Qc2 a5 31. Ne2 axb4 32. axb4 Bxb4 33. Ng3 Kh8 34.
Nf5 Qe6 35. Nxh6 Ra7 36. Nf5 Raf7 37. f3 Qd7 38. e4 Rh7 39. fxg5 fxg5 40. Rxg5
Bd6 41. Qg2 1-0

[Event "FIDE World Chess Cup 2015"]
[Site "Baku AZE"]
[Date "2015.09.12"]
[Round "2.30"]
[White "Ni, Hua"]
[Black "Mareco, Sandro"]
[Result "1/2-1/2"]
[WhiteElo "2704"]
[BlackElo "2599"]
[PlyCount "140"]
[EventDate "2015.09.11"]
[EventType "k.o."]
[EventRounds "7"]
[EventCountry "AZE"]
[Source "lmi"]
[SourceDate "2015.09.11"]
[WhiteTeam "China"]
[BlackTeam "Argentina"]
[WhiteTeamCountry "CHN"]
[BlackTeamCountry "ARG"]

1. e4 e5 2. Nf3 Nc6 3. Bb5 a6 4. Ba4 Nf6 5. d3 d6 6. c3 Be7 7. O-O O-O 8. Nbd2
b5 9. Bc2 d5 10. a4 Be6 11. Qe2 Re8 12. h3 h6 13. d4 exd4 14. e5 dxc3 15. bxc3
Nd7 16. Nb3 Nf8 17. Rd1 Qc8 18. axb5 axb5 19. Rxa8 Qxa8 20. Qxb5 f6 21. Bf4
Nxe5 22. Nxe5 fxe5 23. Bxe5 c6 24. Qd3 Qd8 25. Nd4 Bd7 26. c4 Bc5 27. f4 Qe7
28. Kh1 Qf7 29. cxd5 cxd5 30. Nb5 Rc8 31. Nc7 Bc6 32. Nxd5 Kh8 33. Nc3 Be7 34.
Ne4 Bd5 35. Kh2 Rxc2 36. Qxc2 Bb3 37. Qd3 Bxd1 38. Qxd1 Ng6 39. Qg4 Nxe5 40.
fxe5 Qd5 41. Qf5 Kg8 42. Kg3 Ba3 43. Kg4 Qd1+ 44. Qf3 Qd7+ 45. Kg3 Qd4 46. Qf4
Qd3+ 47. Kh2 Qd5 48. Nc3 Qd3 49. Na4 g5 50. Qg3 Qxg3+ 51. Kxg3 Kf7 52. Kf3 Ke7
53. Nb6 Ke6 54. Kg4 Bc5 55. Nc4 Kd5 56. Nb2 Ba3 57. Nd3 Ke4 58. Nf2+ Kxe5 59.
Kh5 Kf4 60. Kxh6 Be7 61. g4 Kg3 62. Ne4+ Kh4 63. Kg6 Kxh3 64. Kh5 Kg2 65. Kg6
Kh3 66. Kh5 Kg2 67. Nxg5 Kg3 68. Ne6 Kf3 69. Nd4+ Kf4 70. Nf5 Bd8 1/2-1/2

[Event "FIDE World Chess Cup 2015"]
[Site "Baku AZE"]
[Date "2015.09.12"]
[Round "2.14"]
[White "Harikrishna, P."]
[Black "Illingworth, Max"]
[Result "1/2-1/2"]
[WhiteElo "2737"]
[BlackElo "2517"]
[PlyCount "143"]
[EventDate "2015.09.11"]
[EventType "k.o."]
[EventRounds "7"]
[EventCountry "AZE"]
[Source "lmi"]
[SourceDate "2015.09.11"]
[WhiteTeam "India"]
[BlackTeam "Australia"]
[WhiteTeamCountry "IND"]
[BlackTeamCountry "AUS"]

1. e4 c5 2. Nf3 e6 3. d4 cxd4 4. Nxd4 Nc6 5. Nc3 a6 6. Be2 d6 7. O-O Nf6 8. Be3
Be7 9. a4 O-O 10. Nxc6 bxc6 11. a5 c5 12. e5 dxe5 13. Qxd8 Rxd8 14. Na4 Rb8 15.
Rfd1 Rd4 16. Bxd4 cxd4 17. c3 Bd8 18. cxd4 exd4 19. Rxd4 Bxa5 20. Nc5 Bb6 21.
b4 Nd5 22. Rc4 Kf8 23. Kf1 Bd8 24. Nxa6 Bxa6 25. Rxa6 Nxb4 26. Ra1 Nd5 27. Bf3
Bf6 28. Rac1 Ne7 29. Ra4 g6 30. Ra8 Rxa8 31. Bxa8 h5 32. Be4 Ng8 33. Rc8+ Kg7
34. Rc7 Be5 35. Rb7 Nf6 36. Bc6 Kf8 37. h3 Bd4 38. Ke2 Bc5 39. g3 Kg7 40. f3
Bd6 41. Kf2 Bc5+ 42. Kg2 Bd6 43. h4 Kf8 44. Kh3 Bc5 45. g4 Bf2 46. Rb8+ Kg7 47.
Rb2 Be1 48. Rb7 Kf8 49. g5 Ng8 50. Rb8+ Kg7 51. Rb1 Bf2 52. Rb2 Be1 53. Re2 Bc3
54. Kg3 Ne7 55. Be4 Be5+ 56. f4 Bc3 57. Kf3 Kf8 58. Rc2 Be1 59. Rc1 Bd2 60. Rd1
Ba5 61. Ra1 Bc3 62. Ra8+ Kg7 63. Ke2 Bb4 64. Re8 Bd6 65. Kf3 Bb4 66. Rd8 Ba5
67. Rd7 Kf8 68. Ke2 Bb4 69. Rd8+ Kg7 70. Rd7 Kf8 71. Rd8+ Kg7 72. Rd7 1/2-1/2

[Event "FIDE World Chess Cup 2015"]
[Site "Baku AZE"]
[Date "2015.09.11"]
[Round "1.51"]
[White "Sjugirov, Sanan"]
[Black "Sethuraman, S.P."]
[Result "0-1"]
[WhiteElo "2664"]
[BlackElo "2640"]
[PlyCount "48"]
[EventDate "2015.09.11"]
[EventType "k.o."]
[EventRounds "7"]
[EventCountry "AZE"]
[Source "lmi"]
[SourceDate "2015.09.11"]
[WhiteTeam "Rusia"]
[BlackTeam "India"]
[WhiteTeamCountry "RUS"]
[BlackTeamCountry "IND"]

1. e4 e5 2. Nf3 Nc6 3. Bb5 Nf6 4. d3 Bc5 5. c3 d6 6. O-O O-O 7. Nbd2 Ne7 8. d4
exd4 9. cxd4 Bb6 10. Re1 Bg4 11. h3 Bh5 12. Qb3 d5 13. e5 Nd7 14. a4 a5 15. Qe3
c6 16. Bf1 c5 17. g4 Bg6 18. b3 Nc6 19. Ba3 cxd4 20. Qf4 Nc5 21. Rac1 Nb4 22.
Bxb4 axb4 23. h4 f5 24. Nxd4 Qxh4 0-1

[Event "FIDE World Chess Cup 2015"]
[Site "Baku AZE"]
[Date "2015.09.12"]
[Round "2.51"]
[White "Sethuraman, S.P."]
[Black "Sjugirov, Sanan"]
[Result "1-0"]
[WhiteElo "2640"]
[BlackElo "2664"]
[PlyCount "65"]
[EventDate "2015.09.11"]
[EventType "k.o."]
[EventRounds "7"]
[EventCountry "AZE"]
[Source "lmi"]
[SourceDate "2015.09.11"]
[WhiteTeam "India"]
[BlackTeam "Rusia"]
[WhiteTeamCountry "IND"]
[BlackTeamCountry "RUS"]

1. Nf3 c5 2. c4 Nc6 3. Nc3 e5 4. e3 f5 5. d4 e4 6. d5 Na5 7. Nd2 Nf6 8. f3 exf3
9. Nxf3 g6 10. Bd3 Bg7 11. O-O O-O 12. d6 b6 13. e4 fxe4 14. Bxe4 Rb8 15. Bg5
Qe8 16. Bxf6 Bxf6 17. Qd3 Bb7 18. Rae1 Qf7 19. Bd5 Bxd5 20. Nxd5 Nc6 21. g4
Bxb2 22. Ne7+ Kh8 23. Nxc6 dxc6 24. Ne5 Qb7 25. d7 Bd4+ 26. Kg2 Rxf1 27. Qxf1
Bxe5 28. Qf7 Qc7 29. Qe8+ Kg7 30. Qe7+ Kg8 31. Rxe5 b5 32. Qe8+ Kg7 33. g5 1-0

[Event "FIDE World Chess Cup 2015"]
[Site "Baku AZE"]
[Date "2015.09.12"]
[Round "2.22"]
[White "Yu, Yangyi"]
[Black "Iordachescu, Viorel"]
[Result "1-0"]
[WhiteElo "2721"]
[BlackElo "2583"]
[PlyCount "81"]
[EventDate "2015.09.11"]
[EventType "k.o."]
[EventRounds "7"]
[EventCountry "AZE"]
[Source "lmi"]
[SourceDate "2015.09.11"]
[WhiteTeam "China"]
[BlackTeam "Moldavia"]
[WhiteTeamCountry "CHN"]
[BlackTeamCountry "MDA"]

1. e4 g6 2. d4 Bg7 3. Nc3 a6 4. f4 b5 5. Nf3 Bb7 6. Bd3 d6 7. Qe2 e6 8. e5 Ne7
9. a4 b4 10. Ne4 O-O 11. O-O Nd7 12. c3 Qb8 13. cxb4 Nd5 14. Bd2 f5 15. exf6
N5xf6 16. Nxf6+ Rxf6 17. Bc4 Nf8 18. Rac1 h6 19. Kh1 Qe8 20. b3 Rf7 21. b5 axb5
22. Bxb5 Qb8 23. a5 Rf5 24. Bc4 Bd5 25. b4 Bxc4 26. Qxc4 Ra7 27. Qc6 Bf6 28. h3
Rb5 29. Qe4 Rd5 30. Rc6 Qb5 31. Rfc1 Bd8 32. Nh2 h5 33. Nf1 Bf6 34. R6c4 Rf5
35. Qf3 Bd8 36. Ne3 Rf7 37. d5 e5 38. Qg3 h4 39. Qg4 Qe8 40. Re4 Bf6 41. Bc3
1-0

[Event "FIDE World Chess Cup 2015"]
[Site "Baku AZE"]
[Date "2015.09.15"]
[Round "11.1"]
[White "Topalov, Veselin"]
[Black "Zhigalko, Sergei"]
[Result "1-0"]
[WhiteElo "2816"]
[BlackElo "2656"]
[PlyCount "135"]
[EventDate "2015.09.11"]
[EventType "k.o."]
[EventRounds "7"]
[EventCountry "AZE"]
[Source "lmi"]
[SourceDate "2015.09.11"]
[WhiteTeam "Bulgaria"]
[BlackTeam "Bielorrusia"]
[WhiteTeamCountry "BUL"]
[BlackTeamCountry "BLR"]

1. d4 Nf6 2. c4 e6 3. Nf3 b6 4. g3 Ba6 5. b3 Bb4+ 6. Bd2 Be7 7. Nc3 O-O 8. Bg2
c6 9. e4 d5 10. Qe2 b5 11. e5 Ne8 12. cxb5 cxb5 13. Qe3 Nc6 14. Bf1 Rc8 15. Bd3
Nc7 16. Rc1 Ba3 17. Rd1 Be7 18. h4 b4 19. Ne2 Bxd3 20. Qxd3 f5 21. Rc1 Qd7 22.
Bg5 h6 23. Bd2 a6 24. Rg1 Nb5 25. g4 f4 26. g5 hxg5 27. Qg6 Bd8 28. Rxg5 Qf7
29. Qxf7+ Kxf7 30. Bxb4 Be7 31. Bxe7 Nxe7 32. Rxc8 Rxc8 33. Rg4 Nf5 34. Rxf4
Rc2 35. Ng3 Rxa2 36. Nxf5 exf5 37. Rxf5+ Ke6 38. Rf4 Ra1+ 39. Kd2 Ra2+ 40. Ke3
Ra3 41. Ng5+ Kd7 42. Rf7+ Kc6 43. Rxg7 Rxb3+ 44. Kf4 Nxd4 45. Rg6+ Kc5 46. Rxa6
Rb4 47. h5 Nc6+ 48. Kf5 Rh4 49. f4 Rxh5 50. Ra1 d4 51. Ke4 d3 52. Rc1+ Kb5 53.
Kxd3 Nxe5+ 54. fxe5 Rxg5 55. Ke4 Rg2 56. e6 Kb6 57. Ke5 Kb7 58. e7 Re2+ 59. Kf6
Rf2+ 60. Ke6 Re2+ 61. Kf7 Rf2+ 62. Ke8 Rf3 63. Rc4 Rf1 64. Kd7 Rd1+ 65. Ke6
Re1+ 66. Kd6 Kb6 67. Rb4+ Ka7 68. Rb5 1-0

[Event "FIDE World Chess Cup 2015"]
[Site "Baku AZE"]
[Date "2015.09.15"]
[Round "11.8"]
[White "Inarkiev, Ernesto"]
[Black "Ding, Liren"]
[Result "1/2-1/2"]
[WhiteElo "2660"]
[BlackElo "2782"]
[PlyCount "143"]
[EventDate "2015.09.11"]
[EventType "k.o."]
[EventRounds "7"]
[EventCountry "AZE"]
[Source "lmi"]
[SourceDate "2015.09.11"]
[WhiteTeam "Rusia"]
[BlackTeam "China"]
[WhiteTeamCountry "RUS"]
[BlackTeamCountry "CHN"]

1. d4 Nf6 2. c4 e6 3. Nf3 d5 4. g3 Bb4+ 5. Bd2 Be7 6. Bg2 O-O 7. O-O Nbd7 8. b3
c6 9. Nc3 b6 10. Re1 Bb7 11. Bf4 Bb4 12. Qc2 dxc4 13. bxc4 c5 14. a3 Bxc3 15.
Qxc3 Qc8 16. Rad1 Re8 17. Ne5 Bxg2 18. Kxg2 cxd4 19. Qxd4 Nxe5 20. Bxe5 Rd8 21.
Qh4 Nd7 22. Bd6 Qc6+ 23. f3 Nf8 24. Bb4 Rd7 25. Rxd7 Qxd7 26. c5 a5 27. Bc3 Rc8
28. Qd4 Qxd4 29. Bxd4 bxc5 30. Bc3 Rb8 31. a4 Rb3 32. Bxa5 Ra3 33. Rc1 Rxa4 34.
Rxc5 f6 35. g4 e5 36. Kf2 Ne6 37. Rc8+ Kf7 38. Bd2 Ra2 39. Be3 g5 40. Rb8 Nf4
41. Bxf4 exf4 42. h4 h6 43. Rb7+ Kg8 44. Rc7 Ra1 45. h5 Ra5 46. e4 fxe3+ 47.
Kxe3 f5 48. Kd4 fxg4 49. fxg4 Ra4+ 50. Rc4 Ra5 51. Ke4 Kf7 52. Rc7+ Kf6 53.
Rc6+ Kg7 54. Rg6+ Kh7 55. Rd6 Kg7 56. Rd4 Kf6 57. Rb4 Ra6 58. Rc4 Ke6 59. Rd4
Ra1 60. Rb4 Re1+ 61. Kf3 Rf1+ 62. Ke3 Re1+ 63. Kf2 Rd1 64. Ke2 Rd5 65. Ke3 Re5+
66. Kf3 Ra5 67. Re4+ Re5 68. Ra4 Rb5 69. Ra3 Rb4 70. Re3+ Kf6 71. Re4 Rxe4 72.
Kxe4 1/2-1/2

[Event "FIDE World Chess Cup 2015"]
[Site "Baku AZE"]
[Date "2015.09.15"]
[Round "11.25"]
[White "Navara, David"]
[Black "Guseinov, Gadir"]
[Result "1/2-1/2"]
[WhiteElo "2728"]
[BlackElo "2634"]
[PlyCount "58"]
[EventDate "2015.09.11"]
[EventType "k.o."]
[EventRounds "7"]
[EventCountry "AZE"]
[Source "lmi"]
[SourceDate "2015.09.11"]
[WhiteTeam "Chequia"]
[BlackTeam "Azerbaiyán"]
[WhiteTeamCountry "CZE"]
[BlackTeamCountry "AZE"]

1. d4 Nf6 2. c4 g6 3. Nc3 Bg7 4. e4 d6 5. Nf3 O-O 6. h3 e5 7. d5 Nh5 8. g3 Na6
9. a3 c6 10. Bg2 cxd5 11. cxd5 f5 12. exf5 gxf5 13. Ng5 Nf6 14. g4 Nc7 15. gxf5
Bxf5 16. Rg1 Kh8 17. Be3 Qd7 18. Rc1 Rac8 19. Bxa7 h6 20. Nge4 Ncxd5 21. Nxf6
Nxf6 22. Be3 Bxh3 23. Bxh3 Qxh3 24. Qxd6 Qh2 25. Ke2 Qh5+ 26. Ke1 Qh2 27. Rg3
Qh1+ 28. Ke2 Qh5+ 29. Ke1 Qh1+ 1/2-1/2

[Event "FIDE World Chess Cup 2015"]
[Site "Baku AZE"]
[Date "2015.09.15"]
[Round "11.20"]
[White "Artemiev, Vladislav"]
[Black "Wojtaszek, Radoslaw"]
[Result "1/2-1/2"]
[WhiteElo "2671"]
[BlackElo "2741"]
[PlyCount "61"]
[EventDate "2015.09.11"]
[EventType "k.o."]
[EventRounds "7"]
[EventCountry "AZE"]
[Source "lmi"]
[SourceDate "2015.09.11"]
[WhiteTeam "Rusia"]
[BlackTeam "Polonia"]
[WhiteTeamCountry "RUS"]
[BlackTeamCountry "POL"]

1. e4 c6 2. c4 d5 3. cxd5 cxd5 4. exd5 Nf6 5. Bb5+ Nbd7 6. Nf3 a6 7. Ba4 b5 8.
Bb3 Bb7 9. O-O Nxd5 10. d4 e6 11. Nbd2 Be7 12. Re1 O-O 13. Ne4 N7f6 14. Ng3 Qb6
15. a3 Rfd8 16. Bd2 Rac8 17. Bc2 Bd6 18. Ne4 Nxe4 19. Bxe4 Nf6 20. Bxb7 Qxb7
21. Bg5 Be7 22. Qd3 h6 23. Bd2 Nd5 24. h4 Qc7 25. Rac1 Qb7 26. g4 Rxc1 27. Bxc1
Bd6 28. g5 hxg5 29. Nxg5 Nf6 30. h5 Qd5 31. Qh3 1/2-1/2

[Event "FIDE World Chess Cup 2015"]
[Site "Baku AZE"]
[Date "2015.09.15"]
[Round "11.14"]
[White "Sethuraman, S.P."]
[Black "Harikrishna, P."]
[Result "1-0"]
[WhiteElo "2640"]
[BlackElo "2737"]
[PlyCount "91"]
[EventDate "2015.09.11"]
[EventType "k.o."]
[EventRounds "7"]
[EventCountry "AZE"]
[Source "lmi"]
[SourceDate "2015.09.11"]
[WhiteTeam "India"]
[BlackTeam "India"]
[WhiteTeamCountry "IND"]
[BlackTeamCountry "IND"]

1. e4 e5 2. Nf3 Nc6 3. Bb5 Nf6 4. O-O Nxe4 5. d4 Nd6 6. Bxc6 dxc6 7. dxe5 Nf5
8. Qxd8+ Kxd8 9. h3 b6 10. Rd1+ Ke8 11. Nc3 h6 12. b3 Bb7 13. Bb2 Rd8 14. Rxd8+
Kxd8 15. Rd1+ Kc8 16. g4 Ne7 17. Kh2 Ng6 18. Kg3 Be7 19. Ne4 c5 20. Re1 h5 21.
Nfg5 h4+ 22. Kh2 Rf8 23. f3 Bc6 24. Kg1 Nf4 25. Bc1 Nd5 26. a3 f5 27. exf6 Nxf6
28. Ne6 Rg8 29. N4g5 Bd6 30. Bf4 a5 31. Bxd6 cxd6 32. Nf4 a4 33. Nf7 axb3 34.
cxb3 Kd7 35. Rd1 d5 36. g5 Nh7 37. Nxd5 Ke6 38. g6 Nf6 39. Nxf6 gxf6 40. Nd8+
Kf5 41. Nxc6 Rxg6+ 42. Kf2 Rg3 43. Ne7+ Kf4 44. Nd5+ Ke5 45. Rd3 b5 46. Nc3 1-0

[Event "FIDE World Chess Cup 2015"]
[Site "Baku AZE"]
[Date "2015.09.18"]
[Round "20.1"]
[White "Lu, Shanglei"]
[Black "Topalov, Veselin"]
[Result "1/2-1/2"]
[WhiteElo "2599"]
[BlackElo "2816"]
[PlyCount "62"]
[EventDate "2015.09.11"]
[EventType "k.o."]
[EventRounds "7"]
[EventCountry "AZE"]
[Source "lmi"]
[SourceDate "2015.09.11"]
[WhiteTeam "China"]
[BlackTeam "Bulgaria"]
[WhiteTeamCountry "CHN"]
[BlackTeamCountry "BUL"]

1. e4 e5 2. Nf3 Nc6 3. c3 d5 4. Bb5 dxe4 5. Nxe5 Qd5 6. Qa4 Nge7 7. f4 exf3 8.
Nxf3 a6 9. Be2 Bf5 10. O-O O-O-O 11. d4 Qd7 12. b4 f6 13. Na3 Nd5 14. Bd2 Re8
15. Rfe1 Nb6 16. Qb3 Be6 17. c4 Nxd4 18. Nxd4 Qxd4+ 19. Be3 Qd7 20. Bf3 Qa4 21.
Bxb6 Qxb3 22. axb3 cxb6 23. Rxe6 Rxe6 24. Bg4 Kd7 25. Re1 Bxb4 26. Rxe6 Bxa3
27. Rxf6+ Ke7 28. Re6+ Kf7 29. Kf1 h5 30. Bf5 Rh6 31. Rxh6 gxh6 1/2-1/2

[Event "FIDE World Chess Cup 2015"]
[Site "Baku AZE"]
[Date "2015.09.20"]
[Round "28.6"]
[White "Andreikin, Dmitry"]
[Black "Karjakin, Sergey"]
[Result "1/2-1/2"]
[WhiteElo "2720"]
[BlackElo "2753"]
[PlyCount "24"]
[EventDate "2015.09.11"]
[EventType "k.o."]
[EventRounds "7"]
[EventCountry "AZE"]
[Source "lmi"]
[SourceDate "2015.09.11"]
[WhiteTeam "Rusia"]
[BlackTeam "Rusia"]
[WhiteTeamCountry "RUS"]
[BlackTeamCountry "RUS"]

1. d4 Nf6 2. c4 e6 3. Nc3 Bb4 4. e3 O-O 5. Bd3 d5 6. Nge2 dxc4 7. Bxc4 c5 8.
O-O Nc6 9. a3 Bxc3 10. bxc3 Qc7 11. Ba2 b6 12. Bb2 Ba6 1/2-1/2